000 00885cam a22002773a 4500
001 1117
003 PGUSA
005 20140828082957.0
008 971101s1997||||xxu|||||s|||||000 | eng d
040 _aPGUSA
_beng
042 _adc
050 4 _aPR
100 1 _aShakespeare, William,
_d1564-1616
245 1 0 _aSecond Part of King Henry IV
_h[electronic resource] /
_cWilliam Shakespeare
260 _bProject Gutenberg,
_c1997
500 _aWorld Library
506 _aCopyrighted. Read the copyright notice inside this book for details.
516 _aElectronic text
653 _aHistorical drama
653 _aGreat Britain -- History -- Henry IV, 1399-1413 -- Drama
653 _aHenry IV, King of England, 1367-1413 -- Drama
740 0 _aKing Henry IV, Part 2
830 0 _aProject Gutenberg
_v1117
856 4 0 _uhttp://www.gutenberg.org/ebooks/1117
942 _cEB
999 _c230465
_d230465